00446nam a2200121Ia 4500008004100000020001800041100003900059245011300098260002700211440002100238650001300259856005200272171212s9999 xx 000 0 und d a9780833081674 aPettyjohn, Stacie L.;Vick, Alan J. cPettyjohn, Stacie L.;Vick, Alan J.aThe Posture TrianglebA New Framework for U.S. Air Force Global Presence bRAND Corporationc2013 aResearch Reports aBusiness uhttp://www.jstor.org/stable/10.7249/j.ctt5hhwch